[Event "Porticcio op 9th"]
[Site "Porticcio"]
[Date "2008.05.12"]
[Round "?"]
[White "Luciani, Jean Francois"]
[Black "Autran, Yann"]
[Result "0-1"]
[WhiteElo "1750"]
[BlackElo "1969"]
[PlyCount "42"]
[EventDate "2008.05.09"]
[EventType "swiss"]
[EventRounds "11"]
[EventCountry "FRA"]
[SourceTitle "CBM 124 Extra"]
[Source "ChessBase"]
[SourceDate "2008.07.03"]
[SourceVersion "1"]
[SourceVersionDate "2008.07.03"]
[SourceQuality "1"]

1. e4 e6 2. d4 d5 3. Nc3 Bb4 4. e5 c5 5. a3 Bxc3+ 6. bxc3 Ne7 7. Nf3 Nbc6 8. a4 Qa5 9. Be2 cxd4 10. 0-0 dxc3 11. Ba3 Ng6 12. Bd6 Qd8 13. g3 f6 14. Ba3 fxe5 15. Rb1 Qf6 16. Qc1 Nge7 17. Ng5 0-0 18. f4 h6 19. Nh3 e4 20. Kg2 Nd4 21. Bg4 Rd8 0-1

[Event "Bastiais Master 2nd"]
[Site "Bastia"]
[Date "2005.11.11"]
[Round "3"]
[White "Luciani, Jean Francois"]
[Black "Bigonnet, Patricia"]
[Result "1-0"]
[WhiteElo "1499"]
[BlackElo "1499"]
[PlyCount "29"]
[EventDate "2005.10.07"]
[EventType "swiss"]
[EventRounds "7"]
[EventCountry "FRA"]
[SourceTitle "EXT 2007"]
[Source "ChessBase"]
[SourceDate "2006.11.23"]
[SourceVersion "1"]
[SourceVersionDate "2006.11.23"]
[SourceQuality "1"]

1. e4 g6 2. d4 Bg7 3. Nf3 d6 4. Bc4 Nf6 5. Nc3 0-0 6. Bg5 Bg4 7. h3 h6 8. Bxf6 exf6 9. hxg4 Nc6 10. Qe2 f5 11. gxf5 Bxd4 12. Nxd4 Nxd4 13. Qd2 c5 14. Qxh6 Qe8 15. Qh8# 1-0

[Event "Porticcio op 4th"]
[Site "Porticcio"]
[Date "2003.06.??"]
[Round "5"]
[White "Autran, Yann"]
[Black "Luciani, Jean Francois"]
[Result "1-0"]
[WhiteElo "2100"]
[BlackElo "1690"]
[PlyCount "45"]
[EventDate "2003.06.??"]
[EventType "swiss"]
[EventRounds "9"]
[EventCountry "FRA"]
[SourceTitle "EXT 2007"]
[Source "ChessBase"]
[SourceDate "2006.11.23"]
[SourceVersion "1"]
[SourceVersionDate "2006.11.23"]
[SourceQuality "1"]

1. e4 c5 2. c3 d5 3. exd5 Qxd5 4. d4 Nf6 5. Nf3 Bg4 6. Be2 e6 7. h3 Bh5 8. 0-0 Nc6 9. Be3 cxd4 10. cxd4 Be7 11. Nc3 Qd8 12. Ne5 Bxe2 13. Qxe2 0-0 14. Nxc6 bxc6 15. Rad1 Nd5 16. Bc1 Bf6 17. Ne4 Qb6 18. Nxf6+ Nxf6 19. Rd3 Qb5 20. Rfd1 Rfd8 21. Qc2 Qd5 22. b3 Rd7 23. Rc3 1-0

[Event "Corsica-ch"]
[Site "Bastia"]
[Date "2002.??.??"]
[Round "1"]
[White "Autran, Yann"]
[Black "Luciani, Jean Francois"]
[Result "1-0"]
[WhiteElo "2010"]
[BlackElo "1710"]
[PlyCount "103"]
[EventDate "2002.??.??"]
[EventType "k.o."]
[EventRounds "4"]
[EventCountry "FRA"]
[SourceTitle "EXT 2003"]
[Source "ChessBase"]
[SourceDate "2002.11.25"]
[SourceVersion "1"]
[SourceVersionDate "2002.11.25"]
[SourceQuality "1"]

1. e4 c5 2. c3 d5 3. exd5 Qxd5 4. d4 Nf6 5. Nf3 Bg4 6. Be2 e6 7. Be3 cxd4 8. cxd4 Nc6 9. 0-0 Be7 10. Nc3 Qd7 11. h3 Bxf3 12. Bxf3 0-0 13. Qa4 Rfd8 14. Rfd1 Nd5 15. Nxd5 exd5 16. Bg4 Qc7 17. Qc2 Qb6 18. Rac1 Bf6 19. Qd2 g6 20. Rc3 Na5 21. b3 Qb4 22. Rc5 Qxd2 23. Rxd2 Nc6 24. Bf3 Ne7 25. Rc7 b6 26. g4 Rdc8 27. Rdc2 Kf8 28. Rxc8+ Rxc8 29. Rxc8+ Nxc8 30. Bxd5 Nd6 31. Bc6 Ke7 32. Kf1 Bg7 33. Ke2 h6 34. Kd3 f5 35. a4 fxg4 36. hxg4 g5 37. f4 gxf4 38. Bxf4 a6 39. Be5 Bf8 40. b4 Ke6 41. Bf4 Bg7 42. b5 axb5 43. axb5 Bf8 44. d5+ Ke7 45. Be3 Nc8 46. Bb7 Na7 47. Ba6 Kd6 48. Ke4 Kc7 49. Bf4+ Kd7 50. Kf5 Nc8 51. Bxc8+ Kxc8 52. Ke6 1-0